Man and Forest in the Himalayas and Northeast India (Record no. 6040)

000 -LEADER
fixed length control field 00291nam a2200109Ia 4500
008 - FIXED-LENGTH DATA ELEMENTS--GENERAL INFORMATION
fixed length control field 200302s9999 xx 000 0 und d
100 ## - MAIN ENTRY--PERSONAL NAME
Personal name Karubaki Datta
245 ## - TITLE STATEMENT
Title Man and Forest in the Himalayas and Northeast India
260 ## - PUBLICATION, DISTRIBUTION, ETC.
Name of publisher, distributor, etc. B. R. Publishing Corporation
260 ## - PUBLICATION, DISTRIBUTION, ETC.
Date of publication, distribution, etc. 2017
300 ## - PHYSICAL DESCRIPTION
Extent 266
Holdings
Withdrawn status Lost status Damaged status Not for loan Permanent Location Current Location Date acquired Cost, normal purchase price Full call number Barcode Date last seen Price effective from Koha item type
        BMS College of Architecture, Design and Planning BMS College of Architecture, Design and Planning 2020-03-03 1.50 333.75095496 AR-PG137 2020-03-03 2020-03-03 PG Books
Copyright © 2025, The Librarian, Library and Information Centre, BMSCA D&P, Bengaluru. All Rights Reserved
web counter

Powered by Koha